000 00915nam a2200313 a 4500
003 AR-BaBNM
005 20251128203029.0
008 082120s2002 ||||||||||||||000 | spa||
040 _cAR-BaBNM
100 1 _aTenenbaum, León
245 0 0 _aTribunales
_bvida y tiempo de un antiguo barrio porteño que llamaban Del Parque
260 _aBuenos Aires
_bFundación Banco de Boston
_c1989
300 _a68 p.
_bláms.
490 0 _aCuadernos del águila
_vv. 6
500 _aContiene referencias bibliográficas en p. 65
650 4 _aCOSTUMBRES Y TRADICIONES
650 4 _aMONUMENTOS HISTORICOS
650 4 _aHISTORIA DE BUENOS AIRES
650 4 _aBIENES CULTURALES
650 4 _aARQUITECTURA
650 4 _aURBANISMO
650 4 _aEDIFICIOS
650 4 _aVIDA SOCIAL
650 4 _aVIDA CULTURAL
650 4 _aBARRIOS
651 4 _aBuenos Aires [Capital Federal]
942 _cBK
998 _cMARTIN
999 _c1586
_d1586